| 000 | 00526nam a2200169 i 4500 | ||
|---|---|---|---|
| 001 | 134712 | ||
| 003 | ES-MaACL | ||
| 005 | 20230906194729.0 | ||
| 007 | t| | ||
| 008 | 070913s1908 fr ||||1| fre d | ||
| 100 | 1 |
_aWeindel, Henri de. _9116360 |
|
| 245 | 1 | 2 |
_aL'Homosexualité en Allemagne _b: Etude documentaire et anecdotique / _cpar Henri de Weindel et F.-P. Fischer. |
| 260 |
_aParis : _b[s.n., _c1908] ( _fPaul Dupont) |
||
| 300 |
_a319 p. ; _c17 cm. |
||
| 700 | 1 |
_aFischer, F. P. _950992 |
|
| 852 |
_aES-MaACL _jD-2556 |
||
| 999 |
_c134712 _d134712 |
||